<?xml version="1.0" encoding="UTF-8"?>
<record
    xmlns:xsi="http://www.w3.org/2001/XMLSchema-instance"
    xsi:schemaLocation="http://www.loc.gov/MARC21/slim http://www.loc.gov/standards/marcxml/schema/MARC21slim.xsd"
    xmlns="http://www.loc.gov/MARC21/slim">

  <leader>00181nam a2200085   4500</leader>
  <controlfield tag="001">1256209</controlfield>
  <controlfield tag="005">20251223103147.0</controlfield>
  <datafield tag="245" ind1=" " ind2=" ">
    <subfield code="a">Z&#xDC;RAFA BERBER&#x130;</subfield>
    <subfield code="c">CANSU ERKAN</subfield>
  </datafield>
  <datafield tag="260" ind1=" " ind2=" ">
    <subfield code="b">HEP K&#x130;TAP</subfield>
  </datafield>
  <datafield tag="999" ind1=" " ind2=" ">
    <subfield code="c">1256209</subfield>
    <subfield code="d">1256209</subfield>
  </datafield>
  <datafield tag="952" ind1=" " ind2=" ">
    <subfield code="0">0</subfield>
    <subfield code="1">0</subfield>
    <subfield code="2">ddc</subfield>
    <subfield code="4">0</subfield>
    <subfield code="7">0</subfield>
    <subfield code="a">1014</subfield>
    <subfield code="b">1014</subfield>
    <subfield code="d">2025-12-23</subfield>
    <subfield code="l">4</subfield>
    <subfield code="p">10147586</subfield>
    <subfield code="r">2026-03-30 09:55:28</subfield>
    <subfield code="s">2026-03-27</subfield>
    <subfield code="w">2025-12-23</subfield>
    <subfield code="y">BK</subfield>
  </datafield>
</record>
